000 00947nam a22002897a 4500
003 CHAP
005 20220329140055.0
008 971013s1987 r 00010 d
010 _a46567
011 _a47539
035 _a51681
040 _cCHAP
090 _aFolleto 12043
110 _aUniversidad Autónoma Metropolitana. Unidad Iztapalapa. División de Ciencias Biológicas y de la Salud
_9116379
245 _aDepartamento de biotecnología
260 _a(México) :
_bLa Universidad,
_c1987
300 _a51 p.
_b: ilus.
590 _aBATCH-UPD
_b10
_c20130110
_lUCH01
_h1957
590 _aBATCH-UPD
_b10
_c20130410
_lUCH01
_h1318
590 _aBATCH-UPD
_b10
_c20130914
_lUCH01
_h0137
590 _aCONVERSION
_b10
_c20130109
_lUCH01
_h1325
650 1 4 _aAlimentos
_xTecnologia
_xInvestigacion.
_94290
650 1 4 _aBiotecnología.
_912878
901 _aBK
942 _cFOLL
949 _aFolleto 12043
_bBC
_cFOLL
_d-115493
_eTS1
_i51681
_mD
_si
999 _c46567
_d46567